00595nam a2200205Ia 450000500170000000800410001702000150005808200130007310000170008624500670010326000390017030000170020965000150022665000110024165000080025265000130026094200060027395200950027999900150037420241218044141.0240331s9999 xx 000 0 und d a0801485312 bHAGa850 aHagberg, G.L 0aArt as language :bwittgenstein, meaning, and aesthetic theory aNew YorkbCornell Universityc1998 aXi, 196 p ., aPhilosophy aSocial aArt aLanguage cL 001040708LaWERCLbWERCLcSSCd2024-03-31l0o 850 HAGp2719r2024-03-31w2024-03-31yL c3399d3399